000 01369cam a22004454i 4500
003 PE-LiUPU
005 20250731172855.0
008 160822s r 000 0 spa d
035 _a(Sirsi) a163069
049 _aPRUA
082 0 4 _a239.263
_bI46
245 0 4 _aThe New Testament and Christian-Jewish dialogue :
_bstudies in honor of David Flusser.
264 _aIsrael :
_bImmanuel,
_c1990.
300 _a317 páginas ;
_c24 centímetros.
336 _text
_2rdacontent
337 _unmediated
_2rdamedia
338 _volume
_2rdacarrier
504 _abibliografía : páginas 293-307.
526 _aSEG42
526 _aSEG41
526 _aSEG40
526 _aSEG39
526 _aP94
526 _aP87
526 _aP86
526 _aP85
526 _aP77
526 _aP76
526 _aP35
600 1 _a
630 0 4 _aBiblia.
_pN.T.
_xCrítica, interpretación, etc.
600 1 _aFlusser, David,
_d1917-2000
_vBibliografía.
650 1 4 _aJudaísmo
_xRelaciones
_xCristianismo.
700 1 _aMalcolm, Lowe,
_eeditor.
910 _chop
596 _a1
942 _2ddc
_cBOOK
999 _a239.263 I46
_wDEWEY
_c11979
_i74465
_f2021-11-10
_g5
_lCCODEBUL1
_mBUL
_p15.00
_r0
_sY
_tBOOK
_u2016-8-22
_xTEOLOGIA
_PP35
_0COMPRA
_o.STAFF. Colección General
_d11979
980 _81
_gALBERTO SANCHEZ Responsable de Automatización